Loading...
| Fine Arts - Classical Music and Opera | 0 | 8 | 0 | 1 | 80 | 79 | 103.63 | 1 | 2 | 13.61 | 42.44 |
| Science - Physics | 0 | 3 | 0 | 1 | 30 | 87 | 104.33 | 0 | 1 | 4.91 | 17.96 |
| Literature - British | 1 | 0 | 0 | 0 | 15 | 66 | 66.00 | 0 | 0 | 4.31 | 5.38 |
| Science - Other | 1 | 0 | 0 | 0 | 15 | 53 | 53.00 | 0 | 1 | 3.86 | 4.12 |
| Visual Arts | 0 | 1 | 0 | 0 | 10 | 126 | 126.00 | 0 | 0 | 1.40 | 3.21 |
| Fine Arts - Other Arts | 0 | 1 | 0 | 0 | 10 | 93 | 93.00 | 0 | 1 | 2.62 | 6.92 |
| Literature - World | 0 | 1 | 0 | 0 | 10 | 140 | 140.00 | 0 | 0 | 0.65 | 0.70 |
| Philosophy | 0 | 1 | 0 | 0 | 10 | 115 | 115.00 | 0 | 0 | 0.83 | 3.85 |
| Social Science | 0 | 1 | 0 | 0 | 10 | 128 | 128.00 | 0 | 0 | 0.08 | 1.75 |
| Literature - European | 0 | 0 | 1 | 0 | -5 | 0.00 | 0 | 0 | 0.00 | 0.00 | |
| Science - Chemistry | 0 | 0 | 1 | 0 | -5 | 0.00 | 0 | 0 | 0.00 | 0.00 |